000
00256nam a2200109Ia 4500
008
230312s9999||||xx |||||||||||||| ||und||
082
_a
658.872
_b
TUR-E
100
_a
Turban efraim
245
0
_a
Electronic commerce 2012
650
_a
Management
942
_c
BK
999
_c
14722
_d
14722